| 000 | 00337nam a22001337a 4500 | ||
|---|---|---|---|
| 020 | _qPB. | ||
| 040 | _cFIZZA ISHAQ | ||
| 082 |
_a691 _bMAR |
||
| 100 |
_aSOUTSOS,MARIOS. _991266 |
||
| 245 |
_aCONSTRUCTION MATERIAL THEIR NATURE AND BEHAVIOUR / _cMARIOS SOUTSOS. |
||
| 260 |
_aCRC PRESS ; _c2018. |
||
| 300 | _a820 P. ; | ||
| 942 |
_2ddc _cBK |
||
| 999 |
_c589466 _d589466 |
||